<?xml version="1.0" encoding="UTF-8"?>
<record
    xmlns:xsi="http://www.w3.org/2001/XMLSchema-instance"
    xsi:schemaLocation="http://www.loc.gov/MARC21/slim http://www.loc.gov/standards/marcxml/schema/MARC21slim.xsd"
    xmlns="http://www.loc.gov/MARC21/slim">

  <leader>02978nam a22002417a 4500</leader>
  <controlfield tag="003">NALT</controlfield>
  <controlfield tag="005">20250504141652.0</controlfield>
  <controlfield tag="008">220122b        th ||||| |||| 00| 0 tha d</controlfield>
  <datafield tag="040" ind1=" " ind2=" ">
    <subfield code="a">NALT</subfield>
  </datafield>
  <datafield tag="041" ind1=" " ind2=" ">
    <subfield code="a">tha</subfield>
  </datafield>
  <datafield tag="050" ind1=" " ind2=" ">
    <subfield code="a">BQ 4570.L5</subfield>
    <subfield code="b">&#xE04;181 2551</subfield>
  </datafield>
  <datafield tag="245" ind1="1" ind2="0">
    <subfield code="a">&#xE04;&#xE27;&#xE32;&#xE21;&#xE08;&#xE23;&#xE34;&#xE07;&#xE40;&#xE01;&#xE35;&#xE48;&#xE22;&#xE27;&#xE01;&#xE31;&#xE1A;&#xE04;&#xE27;&#xE32;&#xE21;&#xE23;&#xE31;&#xE01;&#xE04;&#xE27;&#xE32;&#xE21;&#xE42;&#xE01;&#xE23;&#xE18;&#xE41;&#xE25;&#xE30;&#xE04;&#xE27;&#xE32;&#xE21;&#xE40;&#xE21;&#xE15;&#xE15;&#xE32; &#xE40;&#xE25;&#xE48;&#xE21; 2 /</subfield>
    <subfield code="c">&#xE2A;&#xE23;&#xE49;&#xE32;&#xE07;&#xE2A;&#xE23;&#xE23;&#xE04;&#xE4C; &#xE2A;&#xE1A;&#xE32;&#xE22;&#xE30; ; &#xE23;&#xE27;&#xE1A;&#xE23;&#xE27;&#xE21;&#xE40;&#xE19;&#xE37;&#xE49;&#xE2D;&#xE2B;&#xE32;&#xE42;&#xE14;&#xE22; "&#xE19;&#xE31;&#xE1A;&#xE2A;&#xE2D;&#xE07;" &#xE40;&#xE01;&#xE2A;&#xE23;&#xE32; &#xE40;&#xE15;&#xE34;&#xE21;&#xE2A;&#xE34;&#xE19;&#xE27;&#xE32;&#xE13;&#xE34;&#xE0A; ... [&#xE41;&#xE25;&#xE30;&#xE04;&#xE19;&#xE2D;&#xE37;&#xE48;&#xE19;&#xE46;].</subfield>
  </datafield>
  <datafield tag="250" ind1=" " ind2=" ">
    <subfield code="a">&#xE1E;&#xE34;&#xE21;&#xE1E;&#xE4C;&#xE04;&#xE23;&#xE31;&#xE49;&#xE07;&#xE17;&#xE35;&#xE48; 9.</subfield>
  </datafield>
  <datafield tag="260" ind1=" " ind2=" ">
    <subfield code="a">&#xE01;&#xE23;&#xE38;&#xE07;&#xE40;&#xE17;&#xE1E;&#xE2F; :</subfield>
    <subfield code="b">&#xE2A;&#xE38;&#xE20;&#xE32;,</subfield>
    <subfield code="c">2551.</subfield>
  </datafield>
  <datafield tag="300" ind1=" " ind2=" ">
    <subfield code="a">204 &#xE2B;&#xE19;&#xE49;&#xE32; :</subfield>
    <subfield code="b">&#xE20;&#xE32;&#xE1E;&#xE1B;&#xE23;&#xE30;&#xE01;&#xE2D;&#xE1A; ;</subfield>
    <subfield code="c">17 &#xE0B;&#xE21;.</subfield>
  </datafield>
  <datafield tag="505" ind1="0" ind2=" ">
    <subfield code="a">&#xE04;&#xE23;&#xE2D;&#xE07;&#xE23;&#xE31;&#xE01; &#xE04;&#xE23;&#xE2D;&#xE07;&#xE40;&#xE23;&#xE37;&#xE2D;&#xE19; &#xE04;&#xE23;&#xE2D;&#xE07;&#xE18;&#xE23;&#xE23;&#xE21;/&#xE1E;&#xE23;&#xE30;&#xE1E;&#xE23;&#xE2B;&#xE21;&#xE04;&#xE38;&#xE13;&#xE20;&#xE23;&#xE13;&#xE4C; &#xE1B;.&#xE2D;. &#xE1B;&#xE22;&#xE38;&#xE15;&#xE3A;&#xE42;&#xE15; -- &#xE23;&#xE31;&#xE01;&#xE2D;&#xE22;&#xE48;&#xE32;&#xE07;&#xE44;&#xE23;&#xE44;&#xE21;&#xE48;&#xE40;&#xE2A;&#xE35;&#xE22;&#xE01;&#xE32;&#xE23;&#xE40;&#xE23;&#xE35;&#xE22;&#xE19; / &#xE1E;&#xE23;&#xE30;&#xE18;&#xE23;&#xE23;&#xE21;&#xE2A;&#xE34;&#xE07;&#xE2B;&#xE1A;&#xE38;&#xE23;&#xE32;&#xE08;&#xE32;&#xE23;&#xE22;&#xE4C; (&#xE08;&#xE23;&#xE31;&#xE0D; &#xE10;&#xE34;&#xE15;&#xE18;&#xE21;&#xE3A;&#xE42;&#xE21;) -- &#xE2A;&#xE38;&#xE02; 2 &#xE41;&#xE1A;&#xE1A; &#xE1B;&#xE31;&#xE0D;&#xE2B;&#xE32;&#xE2D;&#xE22;&#xE39;&#xE48;&#xE17;&#xE35;&#xE48;&#xE43;&#xE08; &#xE23;&#xE39;&#xE49;&#xE41;&#xE25;&#xE49;&#xE27;&#xE44;&#xE21;&#xE48;&#xE22;&#xE36;&#xE14;&#xE15;&#xE34;&#xE14; &#xE1E;&#xE34;&#xE29;&#xE02;&#xE2D;&#xE07;&#xE01;&#xE32;&#xE21;&#xE04;&#xE38;&#xE13; / &#xE1E;&#xE23;&#xE30;&#xE08;&#xE38;&#xE25;&#xE19;&#xE32;&#xE22;&#xE01; -- &#xE2A;&#xE32;&#xE23;&#xE30;&#xE41;&#xE2B;&#xE48;&#xE07;&#xE0A;&#xE35;&#xE27;&#xE34;&#xE15; &#xE04;&#xE37;&#xE2D;&#xE23;&#xE31;&#xE01;&#xE41;&#xE25;&#xE30;&#xE40;&#xE21;&#xE15;&#xE15;&#xE32; / &#xE1E;&#xE23;&#xE30;&#xE2D;&#xE32;&#xE08;&#xE32;&#xE23;&#xE22;&#xE4C;&#xE21;&#xE34;&#xE15;&#xE0B;&#xE39;&#xE42;&#xE2D;&#xE30; &#xE04;&#xE40;&#xE27;&#xE2A;&#xE42;&#xE01; -- &#xE04;&#xE27;&#xE32;&#xE21;&#xE23;&#xE31;&#xE01;&#xE17;&#xE35;&#xE48;&#xE41;&#xE17;&#xE49;&#xE08;&#xE23;&#xE34;&#xE07; / &#xE0A;&#xE22;&#xE2A;&#xE32;&#xE42;&#xE23;&#xE20;&#xE34;&#xE01;&#xE02;&#xE38; -- &#xE2D;&#xE35;&#xE01;&#xE21;&#xE34;&#xE15;&#xE34;&#xE02;&#xE2D;&#xE07;&#xE04;&#xE27;&#xE32;&#xE21;&#xE23;&#xE31;&#xE01; / &#xE22;&#xE42;&#xE2A;&#xE18;&#xE44;&#xE23;&#xE20;&#xE34;&#xE01;&#xE02;&#xE38; -- &#xE40;&#xE2B;&#xE15;&#xE38;&#xE41;&#xE2B;&#xE48;&#xE07;&#xE23;&#xE31;&#xE01; / &#xE2D;&#xE31;&#xE07;&#xE04;&#xE32;&#xE23; -- &#xE17;&#xE32;&#xE07;&#xE1E;&#xE49;&#xE19;&#xE17;&#xE38;&#xE01;&#xE02;&#xE4C; / &#xE2B;&#xE25;&#xE27;&#xE07;&#xE1E;&#xE48;&#xE2D;&#xE0A;&#xE32; &#xE2A;&#xE38;&#xE20;&#xE31;&#xE17;&#xE42;&#xE17; -- &#xE2D;&#xE20;&#xE31;&#xE22;&#xE17;&#xE32;&#xE22;/&#xE1E;&#xE23;&#xE30;&#xE28;&#xE23;&#xE35;&#xE0D;&#xE32;&#xE13;&#xE42;&#xE2A;&#xE20;&#xE13; (&#xE2A;&#xE38;&#xE27;&#xE34;&#xE17;&#xE22;&#xE4C; &#xE1B;&#xE34;&#xE22;&#xE27;&#xE34;&#xE0A;&#xE42;&#xE0A;) -- &#xE01;&#xE32;&#xE23;&#xE21;&#xE35;&#xE0A;&#xE35;&#xE27;&#xE34;&#xE15;&#xE2D;&#xE22;&#xE39;&#xE48;&#xE22;&#xE48;&#xE2D;&#xE21;&#xE14;&#xE35;&#xE01;&#xE27;&#xE48;&#xE32;&#xE01;&#xE32;&#xE23;&#xE15;&#xE32;&#xE22; / &#xE1E;&#xE23;&#xE30;&#xE21;&#xE2B;&#xE32;&#xE08;&#xE23;&#xE23;&#xE22;&#xE32; &#xE2A;&#xE38;&#xE17;&#xE18;&#xE34;&#xE0D;&#xE32;&#xE13;&#xE42;&#xE13; -- &#xE40;&#xE2B;&#xE15;&#xE38;&#xE2A;&#xE21;&#xE04;&#xE27;&#xE23;&#xE42;&#xE01;&#xE23;&#xE18;...&#xE44;&#xE21;&#xE48;&#xE21;&#xE35;&#xE43;&#xE19;&#xE42;&#xE25;&#xE01; / &#xE1E;&#xE23;&#xE30;&#xE2D;&#xE32;&#xE08;&#xE32;&#xE23;&#xE22;&#xE4C;&#xE21;&#xE34;&#xE15;&#xE0B;&#xE39;&#xE42;&#xE2D;&#xE30; &#xE04;&#xE40;&#xE27;&#xE2A;&#xE42;&#xE01; -- &#xE22;&#xE32;&#xE2A;&#xE32;&#xE21;&#xE31;&#xE0D;&#xE1B;&#xE23;&#xE30;&#xE08;&#xE33;&#xE43;&#xE08; &#xE17;&#xE38;&#xE01;&#xE02;&#xE4C;&#xE41;&#xE17;&#xE49;&#xE41;&#xE01;&#xE49;&#xE17;&#xE35;&#xE48;&#xE43;&#xE08; / &#xE1E;&#xE23;&#xE30;&#xE44;&#xE1E;&#xE28;&#xE32;&#xE25; &#xE27;&#xE34;&#xE2A;&#xE32;&#xE42;&#xE25; -- &#xE40;&#xE1E;&#xE0A;&#xE23;&#xE08;&#xE32;&#xE01;&#xE2B;&#xE31;&#xE27;&#xE04;&#xE32;&#xE07;&#xE04;&#xE01; / &#xE2D;&#xE38;&#xE1A;&#xE32;&#xE2A;&#xE34;&#xE01;&#xE32; &#xE04;&#xE38;&#xE13;&#xE23;&#xE31;&#xE0D;&#xE08;&#xE27;&#xE19; &#xE2D;&#xE34;&#xE19;&#xE17;&#xE23;&#xE01;&#xE33;&#xE41;&#xE2B;&#xE07; -- &#xE19;&#xE35;&#xE48;&#xE41;&#xE2B;&#xE25;&#xE30;&#xE15;&#xE31;&#xE27;&#xE42;&#xE17;&#xE42;&#xE2A; / &#xE44;&#xE1E;&#xE42;&#xE23;&#xE08;&#xE19;&#xE4C; &#xE2D;&#xE22;&#xE39;&#xE48;&#xE21;&#xE13;&#xE40;&#xE11;&#xE35;&#xE22;&#xE23;.</subfield>
  </datafield>
  <datafield tag="650" ind1=" " ind2="4">
    <subfield code="a">&#xE18;&#xE23;&#xE23;&#xE21;&#xE30;</subfield>
    <subfield code="x">&#xE23;&#xE27;&#xE21;&#xE40;&#xE23;&#xE37;&#xE48;&#xE2D;&#xE07;</subfield>
    <subfield code="9">20309</subfield>
  </datafield>
  <datafield tag="650" ind1=" " ind2="4">
    <subfield code="a">&#xE1E;&#xE38;&#xE17;&#xE18;&#xE28;&#xE32;&#xE2A;&#xE19;&#xE32;</subfield>
    <subfield code="x">&#xE04;&#xE33;&#xE2A;&#xE31;&#xE48;&#xE07;&#xE2A;&#xE2D;&#xE19; </subfield>
    <subfield code="9">23611</subfield>
  </datafield>
  <datafield tag="650" ind1=" " ind2="4">
    <subfield code="a">&#xE18;&#xE23;&#xE23;&#xE21;&#xE30;&#xE01;&#xE31;&#xE1A;&#xE0A;&#xE35;&#xE27;&#xE34;&#xE15;&#xE1B;&#xE23;&#xE30;&#xE08;&#xE33;&#xE27;&#xE31;&#xE19;</subfield>
    <subfield code="9">4420</subfield>
  </datafield>
  <datafield tag="850" ind1=" " ind2=" ">
    <subfield code="a">NALT</subfield>
  </datafield>
  <datafield tag="942" ind1=" " ind2=" ">
    <subfield code="2">lcc</subfield>
    <subfield code="c">GB</subfield>
  </datafield>
  <datafield tag="996" ind1=" " ind2=" ">
    <subfield code="a">kornsiririn.r</subfield>
    <subfield code="b">CATSTF	</subfield>
    <subfield code="c">2024-12-19</subfield>
  </datafield>
  <datafield tag="999" ind1=" " ind2=" ">
    <subfield code="c">98976</subfield>
    <subfield code="d">98976</subfield>
  </datafield>
  <datafield tag="998" ind1=" " ind2=" ">
    <subfield code="j">3099</subfield>
    <subfield code="k"> &#xE1E;&#xE23;&#xE27;&#xE34;&#xE17;&#xE39;  &#xE42;&#xE04;&#xE49;&#xE27;&#xE04;&#xE0A;&#xE32;&#xE20;&#xE23;&#xE13;&#xE4C;</subfield>
  </datafield>
  <datafield tag="952" ind1=" " ind2=" ">
    <subfield code="0">0</subfield>
    <subfield code="1">0</subfield>
    <subfield code="2">lcc</subfield>
    <subfield code="4">0</subfield>
    <subfield code="7">0</subfield>
    <subfield code="8">CSEN</subfield>
    <subfield code="a">NALT</subfield>
    <subfield code="b">NALT</subfield>
    <subfield code="c">GEN</subfield>
    <subfield code="d">2022-01-22</subfield>
    <subfield code="o">BQ 4570.L5 &#xE04;181 2551 &#xE25;.2</subfield>
    <subfield code="p">0100003058001</subfield>
    <subfield code="r">2022-01-22 00:00:00</subfield>
    <subfield code="w">2022-01-22</subfield>
    <subfield code="y">GB</subfield>
  </datafield>
</record>
